MARC

LEADER 00000nam0a2200000 4500
001 374082
005 20231102012625.0
035 |a (RuTPU)RU\TPU\retro\31516 
035 |a RU\TPU\book\305380 
090 |a 374082 
100 |a 20221216d1967 k y0rusy50 ca 
101 0 |a rus 
102 |a RU 
105 |a a z 001zy 
200 1 |a Основные черты геологического развития западной части Восточного Саяна в докембрии и кембрии  |f А. А. Предтеченский  |g Академия наук СССР (АН СССР), Сибирское отделение (СО), Институт геологии и геофизики (ИГиГ) 
210 |a Новосибирск  |c Наука  |d 1967 
215 |a 155 с.  |c ил. 
320 |a Библиогр.: с. 142-154. 
606 1 |a Протерозойские отложения  |2 stltpush  |3 (RuTPU)RU\TPU\subj\52851  |9 71240 
610 1 |a геологическое развитие 
610 1 |a историческая геология 
610 1 |a Восточный Саян 
610 1 |a докембрий 
610 1 |a кембрий 
610 1 |a магматизм 
610 1 |a метаморфизм 
675 |a 551.72  |v 3 
700 1 |a Предтеченский  |b А. А.  |g Андрей Александрович 
712 0 2 |a Академия наук СССР (АН СССР)  |b Сибирское отделение (СО)  |b Институт геологии и геофизики (ИГиГ)  |c (Новосибирск)  |2 stltpush  |3 (RuTPU)RU\TPU\col\128 
801 1 |a RU  |b 63413507  |c 20150123 
801 2 |a RU  |b 63413507  |c 20221216  |g RCR 
942 |c BK